Histoire romaine / (Record no. 159936)

MARC details
000 -LEADER
campo de control de longitud fija 00840nam a2200229 i 4500
001 - NÚMERO DE CONTROL
campo de control 159936
003 - IDENTIFICADOR DE NÚMERO DE CONTROL
campo de control ES-MaACL
005 - FECHA Y HORA DE LA ÚLTIMA TRANSACCIÓN
campo de control 20250921063035.0
008 - DATOS DE LONGITUD FIJA--INFORMACIÓN GENERAL
campo de control de longitud fija 991018m18631869be |||| | fre d
040 ## - FUENTE DE CATALOGACIÓN
Centro catalogador/agencia de origen CCPB | B
Lengua de catalogación spa
Centro/agencia transcriptor CCPB | B
100 1# - ENTRADA PRINCIPAL--NOMBRE DE PERSONA
Nombre de persona Mommsen, Theodor,
Fechas asociadas al nombre 1817-1903
9 (RLIN) 82081
245 10 - MENCIÓN DEL TÍTULO
Título Histoire romaine /
Mención de responsabilidad, etc. par Thóedore Mommsen ; traduction de l'allemand par E. de Guerle.
260 ## - PUBLICACIÓN, DISTRIBUCIÓN, ETC.
Lugar de publicación, distribución, etc. Bruxelles & Leipzig :
Nombre del editor, distribuidor, etc. Lacroix, Verboeckhoven & Ce. Editeurs,
Fecha de publicación, distribución, etc. 1863-1869.
300 ## - DESCRIPCIÓN FÍSICA
Extensión 7 v. ;
Dimensiones 23 cm.
490 1# - MENCIÓN DE SERIE
Mención de serie Collection d'historiens contemporains
651 #4 - PUNTO DE ACCESO ADICIONAL DE MATERIA--NOMBRE GEOGRÁFICO
Nombre geográfico Roma-
Subdivisión general Historia.
9 (RLIN) 9312
700 1# - ENTRADA AGREGADA--NOMBRE PERSONAL
Nombre de persona Guerle, E. de.
9 (RLIN) 127599
830 0# - PUNTO DE ACCESO ADICIONAL DE SERIE-TÍTULO UNIFORME
Título uniforme Collection d'historiens contemporains
9 (RLIN) 188272
852 ## - LOCALIZACIÓN
Ubicación ES-MaACL
Número de control de estantería B-13693
Nota libre -- Enc. hol.
condición física -- Sólo t.V, 1866 (312 p.)
Holdings
Estatus retirado Estado de pérdida Estado de daño No para préstamo Colección Biblioteca de origen Biblioteca actual Ubicación en estantería Fecha de adquisición Fuente de adquisición Total de préstamos Signatura topográfica completa Código de barras Visto por última vez Precio de reemplazo Tipo de ítem Koha
        Libros del s. XIX Biblioteca del Ateneo de Madrid Biblioteca del Ateneo de Madrid Sala Pardo Bazán 17/01/2008     B-13693 1167434 23/02/2023 23/02/2023 Libro impreso antiguo